[Event "Unterfränkischen EM 2014 (1.1)"]
[Site "?"]
[Date "2014.04.21"]
[Round "1.5"]
[White "Thomele, Michael"]
[Black "Hofstetter, Hans-Joachim"]
[Result "0-1"]
[WhiteElo "1908"]
[BlackElo "2179"]
[PlyCount "134"]
[EventDate "2014.??.??"]

1. e4 {[%clk 1:59:19]} 1... e5 {[%clk 1:59:54]} 2. Nf3 {[%clk 1:59:08]} 2...
Nc6 {[%clk 1:59:49]} 3. Bc4 {[%clk 1:58:16]} 3... Nf6 {[%clk 1:59:36]} 4. d3 {
[%clk 1:58:00]} 4... Bc5 {[%clk 1:59:18]} 5. c3 {[%clk 1:56:16]} 5... d6 {
[%clk 1:58:57]} 6. h3 {[%clk 1:55:01]} 6... a6 {[%clk 1:57:43]} 7. b4 {
[%clk 1:52:48]} 7... Bb6 {[%clk 1:55:10]} 8. Bg5 {[%clk 1:51:19]} 8... h6 {
[%clk 1:55:01]} 9. Bh4 {[%clk 1:49:17]} 9... g5 {[%clk 1:53:14]} 10. Bg3 {
[%clk 1:48:44]} 10... Qe7 {[%clk 1:45:52]} 11. Nfd2 {[%clk 1:42:56]} 11... a5 {
[%clk 1:44:03]} 12. b5 {[%clk 1:36:04]} 12... Nd8 {[%clk 1:42:04]} 13. a4 {
[%clk 1:34:19]} 13... c6 {[%clk 1:39:39]} 14. Qe2 {[%clk 1:30:24]} 14... h5 {
[%clk 1:37:30]} 15. h4 {[%clk 1:12:46]} 15... Ng4 {[%clk 1:32:31]} 16. hxg5 {
[%clk 1:02:09]} 16... Qxg5 {[%clk 1:32:02]} 17. Bh4 {[%clk 0:59:43]} 17... Qf4
{[%clk 1:29:32]} 18. Qf3 {[%clk 0:58:09]} 18... Ne6 {[%clk 1:24:54]} 19. Bxe6 {
[%clk 0:56:24]} 19... fxe6 {[%clk 1:24:37]} 20. Qxf4 {[%clk 0:55:11]} 20...
exf4 {[%clk 1:24:34]} 21. Nc4 {[%clk 0:52:14]} 21... Bc7 {[%clk 1:24:20]} 22.
Nba3 {[%clk 0:44:59]} 22... d5 {[%clk 1:22:40]} 23. Nd2 {[%clk 0:44:25]} 23...
Bd7 {[%clk 1:17:08]} 24. exd5 {[%clk 0:32:42]} 24... exd5 {[%clk 1:15:41]} 25.
O-O {[%clk 0:31:19]} 25... Kf7 {[%clk 1:14:36]} 26. Nf3 {[%clk 0:28:55]} 26...
Rhe8 {[%clk 1:07:42]} 27. c4 {[%clk 0:27:26]} 27... Ne5 {[%clk 0:59:58]} 28.
Nxe5+ {[%clk 0:23:55]} 28... Bxe5 {[%clk 0:57:34]} 29. Rad1 {[%clk 0:23:44]}
29... Bb2 {[%clk 0:55:30]} 30. Nb1 {[%clk 0:22:32]} 30... cxb5 {[%clk 0:48:12]}
31. cxb5 {[%clk 0:21:52]} 31... Bf5 {[%clk 0:42:42]} 32. Bg5 {[%clk 0:17:44]}
32... Be5 {[%clk 0:39:55]} 33. Rfe1 {[%clk 0:17:04]} 33... Bd6 {[%clk 0:38:49]}
34. Rxe8 {[%clk 0:15:40]} 34... Rxe8 {[%clk 0:37:56]} 35. Nc3 {[%clk 0:15:17]}
35... f3 {[%clk 0:31:57]} 36. Nxd5 {[%clk 0:09:47]} 36... Rg8 {[%clk 0:30:45]}
37. Bf4 {[%clk 0:09:27]} 37... Rxg2+ {[%clk 0:29:01]} 38. Kh1 {[%clk 0:06:22]}
38... Bxf4 {[%clk 0:28:10]} 39. Nxf4 {[%clk 0:06:15]} 39... Rg4 {[%clk 0:27:58]
} 40. Nd5 {[%clk 0:04:49]} 40... Rxa4 {[%clk 0:26:55]} 41. Ne3 {[%clk 0:03:06]}
41... Bd7 {[%clk 0:24:45]} 42. Rc1 {[%clk 0:01:13]} 42... Bxb5 {[%clk 0:22:08]}
43. Rc7+ {[%clk 0:00:59]} 43... Ke6 {[%clk 0:20:40]} 44. Rxb7 {[%clk 0:00:24]}
44... Bxd3 {[%clk 0:20:24]} 45. Rb6+ {[%clk 0:59:55]} 45... Ke5 {[%clk 1:18:46]
} 46. Rh6 {[%clk 0:58:53]} 46... Rh4+ {[%clk 1:13:57]} 47. Kg1 {[%clk 0:58:31]}
47... a4 {[%clk 1:11:36]} 48. Rh8 {[%clk 0:57:42]} 48... Bg6 {[%clk 1:03:59]}
49. Ra8 {[%clk 0:56:15]} 49... Rd4 {[%clk 1:00:04]} 50. Kh2 {[%clk 0:54:30]}
50... h4 {[%clk 0:52:11]} 51. Ra5+ {[%clk 0:52:00]} 51... Ke6 {[%clk 0:48:21]}
52. Ra6+ {[%clk 0:51:36]} 52... Kf7 {[%clk 0:47:50]} 53. Kh3 {[%clk 0:51:13]}
53... Bd3 {[%clk 0:43:18]} 54. Ra5 {[%clk 0:48:40]} 54... Ke6 {[%clk 0:41:41]}
55. Kh2 {[%clk 0:46:09]} 55... Kd6 {[%clk 0:40:03]} 56. Ra8 {[%clk 0:40:57]}
56... Kc7 {[%clk 0:36:05]} 57. Kh3 {[%clk 0:39:59]} 57... Bb5 {[%clk 0:33:52]}
58. Kh2 {[%clk 0:36:48]} 58... Kb7 {[%clk 0:32:29]} 59. Rg8 {[%clk 0:34:13]}
59... a3 {[%clk 0:30:04]} 60. Nc2 {[%clk 0:33:20]} 60... a2 {[%clk 0:28:00]}
61. Rg1 {[%clk 0:32:55]} 61... Rd2 {[%clk 0:26:18]} 62. Nb4 {[%clk 0:32:13]}
62... Bd7 {[%clk 0:25:35]} 63. Ra1 {[%clk 0:31:31]} 63... Rxf2+ {[%clk 0:25:08]
} 64. Kg1 {[%clk 0:31:14]} 64... Rb2 {[%clk 0:23:33]} 65. Nxa2 {[%clk 0:30:34]}
65... f2+ {[%clk 0:23:18]} 66. Kg2 {[%clk 0:29:48]} 66... Bc6+ {[%clk 0:22:14]}
67. Kf1 {[%clk 0:29:40]} 67... Bb5+ {[%clk 0:21:59]} 0-1

[Event "Unterfränkische"]
[Site "?"]
[Date "2014.04.21"]
[Round "1.6"]
[White "Mueller, Lutz"]
[Black "Scholz, Michael"]
[Result "1/2-1/2"]
[WhiteElo "2102"]
[BlackElo "1876"]
[PlyCount "83"]
[EventDate "2014.??.??"]

1. d4 {[%clk 1:59:58]} 1... g6 {[%clk 1:59:58]} 2. c4 {[%clk 1:59:36]} 2... Bg7
{[%clk 1:59:56]} 3. Nc3 {[%clk 1:59:29]} 3... c6 {[%clk 1:59:44]} 4. e4 {
[%clk 1:59:20]} 4... d6 {[%clk 1:59:38]} 5. Be2 {[%clk 1:58:51]} 5... a5 {
[%clk 1:59:06]} 6. g4 {[%clk 1:58:36]} 6... Na6 {[%clk 1:58:08]} 7. h4 {
[%clk 1:58:09]} 7... h6 {[%clk 1:55:19]} 8. f4 {[%clk 1:55:32]} 8... Qb6 {
[%clk 1:53:15]} 9. e5 {[%clk 1:51:40]} 9... Bd7 {[%clk 1:49:01]} 10. Ne4 {
[%clk 1:29:09]} 10... f5 {[%clk 1:43:04]} 11. gxf5 {[%clk 1:16:27]} 11... Bxf5
{[%clk 1:41:46]} 12. Ng3 {[%clk 1:13:32]} 12... Qb4+ {[%clk 1:29:22]} 13. Bd2 {
[%clk 1:09:27]} 13... Qxb2 {[%clk 1:22:21]} 14. Nxf5 {[%clk 1:09:07]} 14...
gxf5 15. Bh5+ {[%clk 1:03:10]} 15... Kf8 {[%clk 1:19:39]} 16. Qb1 {
[%clk 0:57:28]} 16... Qxd4 {[%clk 1:16:37]} 17. Qxf5+ {[%clk 0:56:19]} 17...
Nf6 {[%clk 1:16:02]} 18. Rb1 {[%clk 0:37:02]} 18... dxe5 {[%clk 1:09:42]} 19.
Ne2 {[%clk 0:32:21]} 19... Qe4 {[%clk 1:03:43]} 20. Qxe4 {[%clk 0:32:01]} 20...
Nxe4 {[%clk 1:03:33]} 21. fxe5 {[%clk 0:27:31]} 21... Nac5 {[%clk 0:57:15]} 22.
Nf4 {[%clk 0:23:45]} 22... Rg8 {[%clk 0:47:36]} 23. Rf1 {[%clk 0:20:58]} 23...
Bf6 {[%clk 0:43:03]} 24. exf6 {[%clk 0:19:05]} 24... exf6 {[%clk 0:42:26]} 25.
Be3 {[%clk 0:17:23]} 25... Ke7 {[%clk 0:38:10]} 26. Bg6 {[%clk 0:13:46]} 26...
Rgb8 {[%clk 0:35:07]} 27. Bxe4 {[%clk 0:11:45]} 27... Nxe4 {[%clk 0:35:04]} 28.
Nd3 {[%clk 0:09:10]} 28... b5 {[%clk 0:31:29]} 29. cxb5 {[%clk 0:07:47]} 29...
cxb5 {[%clk 0:29:20]} 30. Rc1 {[%clk 0:06:45]} 30... Rd8 {[%clk 0:26:55]} 31.
Nf4 {[%clk 0:05:57]} 31... Rd7 {[%clk 0:24:53]} 32. Rc6 {[%clk 0:05:04]} 32...
Nd6 {[%clk 0:21:57]} 33. Bc5 {[%clk 0:04:06]} 33... Rad8 {[%clk 0:21:25]} 34.
Nd5+ {[%clk 0:03:29]} 34... Ke6 {[%clk 0:20:26]} 35. Nc7+ {[%clk 0:03:01]}
35... Ke5 {[%clk 0:17:41]} 36. Rf2 {[%clk 0:01:53]} 36... Ke4 {[%clk 0:14:39]}
37. Re2+ {[%clk 0:01:45]} 37... Kf3 {[%clk 0:14:07]} 38. Ne6 {[%clk 0:01:32]}
38... Rg8 {[%clk 0:10:15]} 39. Nd4+ {[%clk 0:01:23]} 39... Kg3 {[%clk 0:09:31]}
40. Bxd6+ {[%clk 0:01:12]} 40... Kxh4 {[%clk 0:08:13]} 41. Rh2+ {[%clk 0:59:33]
} 41... Kg5 {[%clk 1:08:10]} 42. Rg2+ {[%clk 0:59:19]} 1/2-1/2

[Event "Unterfränkischen EM 2014"]
[Site "Wörth am Main"]
[Date "2014.04.21"]
[Round "1.1"]
[White "Chen, Jiuli"]
[Black "Englert, Fred"]
[Result "1-0"]
[WhiteElo "1493"]
[BlackElo "1813"]
[PlyCount "77"]
[EventDate "2014.??.??"]

1. d4 d5 2. Nc3 c6 3. e4 dxe4 4. Nxe4 g6 5. Bc4 Bg7 6. c3 Nf6 7. f3 O-O 8. Ne2
Nbd7 9. O-O b6 10. Be3 Bb7 11. Qd2 Qc7 12. Bh6 Rad8 13. Bxg7 Kxg7 14. Rad1 e5
15. Ng5 h6 16. Nxf7 Rxf7 17. Bxf7 Kxf7 18. Qxh6 exd4 19. Nf4 Nf8 20. Rfe1 dxc3
21. Rxd8 Qxd8 22. bxc3 Qd2 23. Re7+ Kxe7 24. Nxg6+ Nxg6 25. Qxd2 c5 26. Qe2+
Kf7 27. Qc4+ Nd5 28. Qa4 Ke6 29. Qxa7 Bc6 30. Qg7 Ngf4 31. c4 Ne3 32. Qh6+ Ke5
33. Qxc6 Nfxg2 34. Qxb6 Kd4 35. Qb3 Nh4 36. Qb2+ Kxc4 37. Qe2+ Kd4 38. Qd2+ Kc4
39. Qxe3 1-0

[Event "Unterfränkischen EM 2014"]
[Site "Wörth am Main"]
[Date "2014.04.21"]
[Round "1.2"]
[White "Heller, Thomas"]
[Black "Paeslack, Luis"]
[Result "1-0"]
[WhiteElo "1809"]
[BlackElo "1491"]
[PlyCount "63"]
[EventDate "2014.??.??"]

1. c4 e5 2. Nc3 Nf6 3. e3 Nc6 4. a3 d6 5. b4 a6 6. Bb2 Be6 7. Be2 Be7 8. Qc2
O-O 9. h3 d5 10. cxd5 Bxd5 11. Nxd5 Qxd5 12. Bf3 Qe6 13. Bxc6 bxc6 14. Nf3 Nd7
15. O-O Bf6 16. e4 Rfe8 17. Rfc1 Nb8 18. Qc4 Qd6 19. Rc3 Re6 20. g4 h6 21. Rac1
Bg5 22. Nxg5 hxg5 23. Rd3 Qe7 {=} 24. Qc5 Qf6 25. Kg2 Qf4 26. Rd8+ Kh7 27. f3
a5 28. Qf8 Rh6 29. Rf1 Rd6 30. Rxd6 cxd6 31. Qxd6 f6 {=} 32. Bc1 1-0

[Event "Unterfränkischen EM 2014"]
[Site "Wörth am Main"]
[Date "2014.04.21"]
[Round "1.3"]
[White "Pfister, Gerhard"]
[Black "Beyersdorf, Gunter"]
[Result "0-1"]
[WhiteElo "1487"]
[BlackElo "1787"]
[PlyCount "104"]
[EventDate "2014.??.??"]

1. d4 Nf6 2. c4 e6 3. Nc3 d5 4. Bg5 Be7 5. cxd5 exd5 6. e3 O-O 7. Bd3 c6 8. Qc2
h6 9. Bh4 Nbd7 10. Nge2 Re8 11. h3 Nf8 12. O-O-O g5 13. Bg3 Kg7 14. Be5 Ng6 15.
Bxf6+ Bxf6 16. Ng3 Kh7 17. Nh5 Bd7 18. Bf5 Bh8 19. Rh2 Rc8 20. Kb1 Rc7 21. Qd3
Bxf5 22. Qxf5 Qd6 23. g3 b5 24. h4 gxh4 25. Rxh4 Kg8 26. Rg4 Re6 27. Rh1 b4 28.
Na4 Bg7 29. Nc5 Re8 30. Nf4 Nxf4 31. gxf4 Kh8 32. Rhg1 Qf6 33. Qh5 Bf8 34. Rg8+
Kh7 35. R8g5 Ree7 36. Rf5 Qd6 37. Rh1 a5 38. Qh4 Qg6 39. Qh5 Re8 40. Ka1 Ra8
41. b3 Bg7 42. Rg5 Qd6 43. Rf5 Qxc5 44. Qxh6+ Bxh6 45. dxc5 Rg8 46. Rfh5 Rg6
47. Rg5 Kg7 48. Rgh5 Re7 49. f5 Rf6 50. Rg1+ Kf8 51. Rgh1 Bg7 52. Rg5 Rxf5+ 0-1

[Event "Unterfränkischen EM 2014"]
[Site "Wörth am Main"]
[Date "2014.04.21"]
[Round "1.4"]
[White "Heerlein, Gerd"]
[Black "Stolcz, Frank"]
[Result "0-1"]
[WhiteElo "1775"]
[BlackElo "1479"]
[PlyCount "60"]
[EventDate "2014.??.??"]

1. d4 e6 2. c4 c5 3. d5 b5 4. e4 d6 5. cxb5 a6 6. Nc3 g6 7. Bc4 Bg7 8. Nge2 e5
9. O-O Ne7 10. bxa6 Bxa6 11. Bxa6 Rxa6 12. g3 O-O 13. Kh1 f5 14. f4 Nd7 15. Be3
Qa8 16. fxe5 Bxe5 17. Nf4 Bxf4 18. Bxf4 fxe4 19. Qe2 Nf6 20. Bg5 Nexd5 21. Nxd5
Nxd5 22. Rxf8+ Kxf8 23. Rf1+ Kg7 24. Qxe4 Rxa2 25. Bh6+ Kxh6 26. Qh4+ Kg7 27.
Rf7+ Kxf7 28. Qxh7+ Ke8 29. Qxg6+ Kd7 30. Qf7+ Ne7+ 0-1

[Event "Unterfränkischen EM 2014"]
[Site "Wörth am Main"]
[Date "2014.04.21"]
[Round "1.6"]
[White "Hartlaub, Marianne"]
[Black "Albert, Samuel"]
[Result "0-1"]
[WhiteElo "1596"]
[BlackElo "1464"]
[PlyCount "74"]
[EventDate "2014.??.??"]

1. Nf3 e6 2. c4 Nf6 3. Nc3 Bb4 4. Qc2 O-O 5. g3 Nc6 6. Bg2 d6 7. O-O e5 8. d3
h6 9. h3 Be6 10. a3 Bxc3 11. Qxc3 Qd7 12. Kh2 a5 13. e3 e4 14. Nd4 Nxd4 15.
exd4 d5 16. Bf4 exd3 17. cxd5 Nxd5 18. Bxd5 Qxd5 19. Qxd3 c5 20. Be3 Rfd8 21.
Qc3 cxd4 22. Bxd4 Qxd4 23. Qxd4 Rxd4 24. Rac1 Rc8 25. Rxc8+ Bxc8 26. Rc1 Be6
27. h4 Rd2 28. Kg1 Rxb2 29. Re1 Ra2 30. Re3 b5 31. Rd3 b4 32. axb4 axb4 33.
Rd8+ Kh7 34. Kg2 b3 35. Rb8 b2 36. g4 Bxg4 37. Kg3 Bf5 0-1

[Event "Unterfränkischen EM 2014"]
[Site "Wörth am Main"]
[Date "2014.04.21"]
[Round "1.7"]
[White "Brennfleck, Martin"]
[Black "Weikert, Benedikt"]
[Result "0-1"]
[WhiteElo "1464"]
[BlackElo "1744"]
[PlyCount "38"]
[EventDate "2014.??.??"]

1. d4 Nf6 2. Nf3 g6 3. c4 Bg7 4. g3 d6 5. Bg2 Nbd7 6. Nc3 O-O 7. O-O e5 8. dxe5
dxe5 9. e4 c6 10. Bg5 Qe7 11. Qc2 Nc5 12. Rad1 Ne6 13. Bxf6 Bxf6 14. Rd2 Nd4
15. Qd1 Rd8 16. Ne2 Qc5 17. b3 Bg4 18. Nfxd4 Rxd4 19. f3 Rxd2+ 0-1

[Event "Unterfränkischen EM 2014"]
[Site "Wörth am Main"]
[Date "2014.04.21"]
[Round "1.8"]
[White "Liebler, Jürgen"]
[Black "Mattern, Kilian"]
[Result "1-0"]
[WhiteElo "1684"]
[BlackElo "1446"]
[PlyCount "80"]
[EventDate "2014.??.??"]

1. e4 c5 2. Bc4 d6 3. Nc3 Nf6 4. d3 g6 5. Nge2 Nc6 6. Bg5 Bg7 7. Qd2 O-O 8. f3
a6 9. Ng3 b5 10. Bb3 Nd4 11. h4 Nxb3 12. axb3 h5 13. Nxb5 Bb7 14. Nc3 Nd7 15.
Bh6 Re8 16. Nf5 Bxh6 17. Nxh6+ Kg7 18. g4 Ne5 19. Ke2 Rh8 20. g5 f6 21. f4 Nc6
22. Qe3 Nd4+ 23. Kd2 e5 24. Rhf1 Rf8 25. Ne2 Rc8 26. f5 d5 27. Nxd4 cxd4 28.
Qg3 dxe4 29. fxg6 e3+ 30. Kd1 fxg5 31. Nf5+ Kxg6 32. Qxe5 Qd7 33. Nxe3 Rxf1+
34. Nxf1 Qg4+ 35. Kd2 Qg2+ 36. Ke1 Rf8 37. Qe6+ Rf6 38. Qg8+ Kf5 39. Ra5+ Kf4
40. Qb8+ Kf3 1-0

[Event "Unterfränkischen EM 2014"]
[Site "Wörth am Main"]
[Date "2014.04.21"]
[Round "1.9"]
[White "Stegnar, Roland"]
[Black "Saftenberger, Wolfgang"]
[Result "0-1"]
[WhiteElo "1385"]
[BlackElo "1682"]
[PlyCount "79"]
[EventDate "2014.??.??"]

1. e4 d6 2. d4 g6 3. Be3 Bg7 4. c3 Nf6 5. Bd3 O-O 6. a3 Nbd7 7. Nf3 c5 8. Qd2
b6 9. Bh6 Bb7 10. Bxg7 $11 Kxg7 11. d5 e6 12. c4 exd5 13. exd5 Re8+ 14. Kf1 Ne4
15. Bxe4 $11 Rxe4 16. b3 Qf6 17. Nc3 Rae8 18. Rd1 R4e7 19. Re1 Rxe1+ 20. Nxe1
Ne5 21. Ne2 a6 22. Qf4 Qe7 23. Qe3 b5 24. f4 Nd7 25. Qxe7 Rxe7 26. Kf2 bxc4 27.
bxc4 Nb6 28. Nc3 Nxc4 29. Nd3 Nb6 30. Re1 Rxe1 31. Kxe1 Nxd5 32. Nxd5 Bxd5 33.
g3 Ba2 34. Kd2 f5 35. Kc3 Kf6 36. h4 h6 37. Nb2 g5 38. fxg5+ hxg5 39. h5 Bf7
40. Na4 0-1

[Event "Unterfränkischen EM 2014"]
[Site "Wörth am Main"]
[Date "2014.04.21"]
[Round "1.10"]
[White "Kraus, Arnold"]
[Black "Diener, Konrad"]
[Result "1-0"]
[WhiteElo "1656"]
[BlackElo "1293"]
[PlyCount "87"]
[EventDate "2014.??.??"]

1. d4 d5 2. c4 c6 3. Nc3 Nf6 4. Nf3 Bg4 5. e3 e6 6. Be2 Bb4 7. O-O O-O 8. Bd2
Qa5 9. a3 Bxc3 10. Bxc3 Qc7 11. Rc1 Nbd7 12. h3 Bh5 13. Nd2 Bg6 14. c5 Ne4 15.
Nxe4 Bxe4 16. b4 Nf6 17. Bd3 b6 18. Be1 a5 19. Bxe4 Nxe4 20. cxb6 Qxb6 21. bxa5
Qc7 22. Qa4 Ra6 23. Rc2 f5 24. f3 Ng5 25. h4 Nf7 26. Bb4 Rfa8 27. Rfc1 Qg3 28.
Be1 Qd6 29. Rxc6 Rxc6 30. Rxc6 Qe7 31. Qc2 Nd6 32. Bb4 Rd8 33. Rxd6 Rxd6 34.
Qc5 Kf7 35. Qxd6 Qxh4 36. Qf8+ Kg6 37. Qe8+ Kh6 38. Qxe6+ g6 39. Qf7 Qd8 40.
Bf8+ Qxf8 41. Qxf8+ Kg5 42. f4+ Kg4 43. Qh6 Kg3 44. Qh3# 1-0

[Event "Unterfränkischen EM 2014"]
[Site "Wörth am Main"]
[Date "2014.04.21"]
[Round "1.11"]
[White "Häusler, Luis"]
[Black "Trapp, Kevin"]
[Result "0-1"]
[WhiteElo "1281"]
[BlackElo "1637"]
[PlyCount "66"]
[EventDate "2014.??.??"]

1. e4 c5 2. Nf3 Nc6 3. d4 cxd4 4. Nxd4 g6 5. Nc3 Bg7 6. Be3 e6 7. f3 Nge7 8. g4
d5 9. exd5 Nxd5 10. Nxd5 Qxd5 11. c3 O-O 12. Qd2 Nxd4 13. Bxd4 Bxd4 14. Qxd4
Qxf3 15. Rg1 e5 16. Qd2 Bxg4 17. Be2 Qxe2+ 18. Qxe2 Bxe2 19. Kxe2 Rfd8 20. Rad1
f5 21. Ke3 Kf7 22. Rd3 Rxd3+ 23. Kxd3 Rd8+ 24. Ke3 Kf6 25. h4 e4 26. Kf4 Rd3
27. Rg3 Rxg3 28. Kxg3 Ke5 29. b3 f4+ 30. Kg4 h5+ 31. Kg5 f3 32. Kxg6 f2 33.
Kxh5 f1=Q 0-1

[Event "Unterfränkischen EM 2014"]
[Site "Wörth am Main"]
[Date "2014.04.21"]
[Round "1.12"]
[White "Träger, Dominik"]
[Black "Hasenstab, Rainer"]
[Result "1-0"]
[WhiteElo "1615"]
[BlackElo "1004"]
[PlyCount "61"]
[EventDate "2014.??.??"]

1. d4 e6 2. c4 Be7 3. Nc3 c6 4. Bf4 d6 5. Nf3 f6 6. e3 Na6 7. a3 Nc7 8. Qc2 f5
9. Bd3 g6 10. O-O-O Bd7 11. h4 Bf6 12. Bxd6 Ne7 13. Bf4 Nc8 14. g4 Be7 15. gxf5
exf5 16. h5 g5 17. Be5 Rf8 18. d5 Bf6 19. dxc6 bxc6 20. Bxf5 Rf7 21. Bxf6 Qxf6
22. Bxd7+ Rxd7 23. Rxd7 Kxd7 24. Qxh7+ Ne7 25. Rd1+ Kc8 26. Nd4 Rb8 27. Ne4 Qf8
28. Nd6+ Kd7 29. N6f5 Re8 30. Nxe7 Qxe7 31. Nf5+ 1-0

[Event "Unterfränkischen EM 2014"]
[Site "Wörth am Main"]
[Date "2014.04.21"]
[Round "1.13"]
[White "Porstendörfer, Yannik"]
[Black "Lamping, Peter"]
[Result "0-1"]
[WhiteElo "904"]
[BlackElo "1585"]
[PlyCount "116"]
[EventDate "2014.??.??"]

1. e4 c5 2. Nf3 Nc6 3. Bc4 e6 4. c3 g6 5. d4 cxd4 6. cxd4 d5 7. exd5 exd5 8.
Bb3 Bg7 9. Nc3 Nge7 10. O-O O-O 11. h3 Be6 12. Bg5 h6 13. Bxe7 Nxe7 14. a4 a6
15. Re1 Rc8 16. Ne2 Nc6 17. Nf4 Re8 18. Nxe6 fxe6 19. Bc2 Qf6 20. Ra3 Nxd4 21.
Nxd4 Qxd4 22. Qxd4 Bxd4 23. Bxg6 Rf8 24. Rxe6 Rxf2 25. Kh2 Rxb2 26. Rd3 Rb4 27.
Be8 b5 28. axb5 axb5 29. Bxb5 Kf7 30. Re1 Bc3 31. Rf1+ Ke6 32. Re3+ Kd6 33. Ba6
Rc6 34. Be2 Be5+ 35. Kh1 Rc2 36. Bf3 d4 37. Re4 Rc5 38. g4 Rb2 39. Re2 Rcc2 40.
Rxc2 Rxc2 41. Bg2 d3 42. Rd1 d2 43. h4 Rc1 44. Bf3 Bg3 45. g5 hxg5 46. h5 Ke7
47. Kg2 Bf4 48. h6 Kf8 49. h7 Kg7 50. h8=Q+ Kxh8 51. Be2 Kg7 52. Kh3 Kf6 53.
Kg4 Ke5 54. Kh5 Kd4 55. Kg4 Kc3 56. Rxd2 Kxd2 57. Ba6 Ke3 58. Bb5 Rg1+ 0-1